|
|
แสดงรายละเอียดบรรณานุกรม |
|
|
Brief Record
: Get Marc (ISO 2709)
: E-mail record
: |
| LEADER 00000nama 2200000uu 4500 | |||
| 008 040531s2530 th m m a000 0 tha d | |||
| 020 974-611-678-9 | |||
| 041 tha | |||
| 050 HD69.P75 ส747อว 2530 ล.2 | |||
| 100 มหาวิทยาลัยสุโขทัยธรรมาธิาช สาขาวิชารัฐศาสตร์ | |||
| 245 เอกสารการสอนุชดวิชาการวางนโยบายโครงการและการบริหารโครงการ หน่วยที่ 6-15/สาขาวิชารัฐศาสตร์ มหาวิทยลายสุโขทัยธรรมาธิราช 001 | |||
| 250 2 | |||
| 260 นนทบุรี มหาวิทยาลัย 2530 | |||
| 300 936 หน้า | |||
| 650 การบริหารโครงการ ชื่อเรื่อง | |||
| 998 1999-01-22 | |||
| คุณยังไม่ได้ล็อกอิน คุณสามารถมีกิจกรรมร่วมกับเว็บไซต์ได้ แต่ต้องล็อกอินก่อน :: |
|
| สถานะ | |||||||||
| 1. | หนังสือทั่วไป | HD69.P75 ส747อว 2530 ล.2 2530 | On Shelf ขอยืม | ||||||
| [แสดง 1/1 รายการ] | |||||||||
| รายการใกล้เคียง หัวเรื่อง [การบริหารโครงการ ชื่อเรื่อง] |
BibComment |
| คอมเมนท์ทรัพยากรรายการนี้ |
|
|